000 00485nam a2200181Ia 4500
005 20250326124933.0
008 250326s9999 xx 000 0 und d
037 _aTextbook
040 _aFMSL
_beng
_cFMSL
041 _aeng
_2eng
084 _aX:8F L3
_qFMSL
100 _aEstes R W
_9738238
245 0 _aAccounting and society
_cEstes R W
260 _aCAlifornia
_bCAlifornia, Melville
_c1973
300 _a411p
942 _cTB
_hX:8F L3
999 _c1275834
_d1275834